000 00901nam a2200241 i 4500
001 86588
003 ES-MaACL
005 20250728110240.0
007 t|
008 041214s1935 fr ||||1| fre d
100 1 _aKierkegaard, Søren (
_d1813-1855)
_968014
245 1 0 _aCrainte et tremblement /
_cSoren Kierkegaard ; Lyrique-dialectique / par Johannes de Silentio ; traduit du danois par P.-H. Tisseau ; introduction de Jean Wahl.
260 _aParis :
_bFernand Aubier,
_c1935 (
_eSaint Amand :
_fR. Bussiére)
300 _aXXVI, 217 p. ;
_c19 cm.
490 1 _aPhilosophie de l'Esprit
650 0 7 _aReligión y filosofía
_2embne
_916811
700 1 _aSilentio, Johannes de.
_9106337
700 1 _aTisseau, P.-H.
_9110335
740 0 _aLyrique-dialectique.
830 0 _aPhilosophie de l'Esprit
_9184416
852 _aES-MaACL
_jF-7482
_bR.1881+6
999 _c86588
_d86588